Psychotropic substances (Record no. 700)

MARC details
000 -LEADER
fixed length control field 04136cas a2200853 a 4500
001 - CONTROL NUMBER
control field 11401291
003 - CONTROL NUMBER IDENTIFIER
control field OSt
005 - DATE AND TIME OF LATEST TRANSACTION
control field 20230606144858.0
008 - FIXED-LENGTH DATA ELEMENTS--GENERAL INFORMATION
fixed length control field 920514c19899999nyuar s i0 a0eng c
010 ## - LIBRARY OF CONGRESS CONTROL NUMBER
LC control number 92641078
016 7# - NATIONAL BIBLIOGRAPHIC AGENCY CONTROL NUMBER
Record control number 9426587
Source DNLM
016 7# - NATIONAL BIBLIOGRAPHIC AGENCY CONTROL NUMBER
Record control number SR0075196
Source DNLM
016 ## - NATIONAL BIBLIOGRAPHIC AGENCY CONTROL NUMBER
Record control number (AMICUS)000011652410
022 ## - INTERNATIONAL STANDARD SERIAL NUMBER
Incorrect ISSN 0253-9403
035 ## - SYSTEM CONTROL NUMBER
System control number (OCoLC)ocm25815895
040 ## - CATALOGING SOURCE
Original cataloging agency CFI
Language of cataloging eng
Transcribing agency CFI
Modifying agency DLC
-- NST
-- COO
-- HUL
-- NLM
-- OCLCQ
-- DLC
-- NLM
-- NYDRD
-- CUV
-- OCLCQ
-- MYG
-- OCLCQ
-- FUG
-- CGU
-- OCLCF
-- CUV
-- OCLCQ
-- NLC
-- OCLCO
-- OCLCA
-- OCLCQ
-- OCLCA
-- CEF
-- OCLCQ
-- IUL
041 0# - LANGUAGE CODE
Language code of text/sound track or separate title eng
-- fre
-- spa
042 ## - AUTHENTICATION CODE
Authentication code pcc
050 00 - LIBRARY OF CONGRESS CALL NUMBER
Classification number HD9665.1
Item number .S75
060 00 - NATIONAL LIBRARY OF MEDICINE CALL NUMBER
Classification number W2 MU5
Item number C5s
082 00 - DEWEY DECIMAL CLASSIFICATION NUMBER
Classification number 613.33
Item number INCB
245 00 - TITLE STATEMENT
Title Psychotropic substances
Remainder of title Substances psychotropes, statistiques pour ... = Sustancias sicotrópicas, estadísticas para ... /
Statement of responsibility, etc. International Narcotics Control Board.
246 31 - VARYING FORM OF TITLE
Title proper/short title Substances psychotropes, statistiques pour ...
246 31 - VARYING FORM OF TITLE
Title proper/short title Sustancias sicotrópicas, estadísticas para ...
260 ## - PUBLICATION, DISTRIBUTION, ETC. (IMPRINT)
Place of publication, distribution, etc. New York :
Name of publisher, distributor, etc. United Nations,
Date of publication, distribution, etc. 2006
300 ## - PHYSICAL DESCRIPTION
Extent volumes :
Other physical details illustrations ;
Dimensions 30 cm
310 ## - CURRENT PUBLICATION FREQUENCY
Current publication frequency Annual
336 ## - CONTENT TYPE
Content type term text
Content type code txt
Source rdacontent
337 ## - MEDIA TYPE
Media type term unmediated
Media type code n
Source rdamedia
338 ## - CARRIER TYPE
Carrier type term volume
Carrier type code nc
Source rdacarrier
362 0# - DATES OF PUBLICATION AND/OR SEQUENTIAL DESIGNATION
Dates of publication and/or sequential designation 2007
500 ## - GENERAL NOTE
General note "Assessments of annual medical and scientific requirements for substances in Schedules II, III and IV of the Convention on Psychotropic Substances of 1971" (varies slightly).
500 ## - GENERAL NOTE
General note "E/INCB."
515 ## - NUMBERING PECULIARITIES NOTE
Numbering peculiarities note Statistics for 1997- also bear the publication year (usually the following year) of this and other reports published by the International Narcotics Control Board.
525 ## - SUPPLEMENT NOTE
Supplement note With 2012, accompanied by CD-Rom containing annexes and contents of print publication.
546 ## - LANGUAGE NOTE
Language note Text in English, French, and Spanish.
580 ## - LINKING ENTRY COMPLEXITY NOTE
Linking entry complexity note Supplements: International Narcotics Control Board. Report of the International Narcotics Control Board for ...
580 ## - LINKING ENTRY COMPLEXITY NOTE
Linking entry complexity note With vol. for 2012, structure of print publication modified reducing the size of the volume; some contents reorganized and moved to annexes. Annexes are published on the CD-Rom only.
588 0# - SOURCE OF DESCRIPTION NOTE
Source of description note 1989.
588 1# - SOURCE OF DESCRIPTION NOTE
Source of description note 2012.
590 ## - LOCAL NOTE (RLIN)
Local note SERBIB/SERLOC merged record
650 #0 - SUBJECT ADDED ENTRY--TOPICAL TERM
Topical term or geographic name as entry element Pharmaceutical industry
Form subdivision Statistics
-- Periodicals.
650 #0 - SUBJECT ADDED ENTRY--TOPICAL TERM
Topical term or geographic name as entry element Psychotropic drugs
Form subdivision Statistics
-- Periodicals.
650 #0 - SUBJECT ADDED ENTRY--TOPICAL TERM
Topical term or geographic name as entry element Pharmaceutical policy
Form subdivision Statistics
-- Periodicals.
650 #0 - SUBJECT ADDED ENTRY--TOPICAL TERM
Topical term or geographic name as entry element Drug control
Form subdivision Statistics
-- Periodicals.
650 12 - SUBJECT ADDED ENTRY--TOPICAL TERM
Topical term or geographic name as entry element Psychotropic Drugs.
650 12 - SUBJECT ADDED ENTRY--TOPICAL TERM
Topical term or geographic name as entry element Drug Industry.
650 #7 - SUBJECT ADDED ENTRY--TOPICAL TERM
Topical term or geographic name as entry element Drug control.
Source of heading or term fast
Authority record control number (OCoLC)fst01032891
650 #7 - SUBJECT ADDED ENTRY--TOPICAL TERM
Topical term or geographic name as entry element Pharmaceutical industry.
Source of heading or term fast
Authority record control number (OCoLC)fst01060129
650 #7 - SUBJECT ADDED ENTRY--TOPICAL TERM
Topical term or geographic name as entry element Pharmaceutical policy.
Source of heading or term fast
Authority record control number (OCoLC)fst01060194
650 #7 - SUBJECT ADDED ENTRY--TOPICAL TERM
Topical term or geographic name as entry element Psychotropic drugs.
Source of heading or term fast
Authority record control number (OCoLC)fst01081826
650 17 - SUBJECT ADDED ENTRY--TOPICAL TERM
Topical term or geographic name as entry element DRUG REQUIREMENTS.
Source of heading or term unbist
650 17 - SUBJECT ADDED ENTRY--TOPICAL TERM
Topical term or geographic name as entry element PSYCHOTROPIC SUBSTANCES.
Source of heading or term unbist
650 17 - SUBJECT ADDED ENTRY--TOPICAL TERM
Topical term or geographic name as entry element DRUG STATISTICS.
Source of heading or term unbist
650 27 - SUBJECT ADDED ENTRY--TOPICAL TERM
Topical term or geographic name as entry element STATISTICAL DATA.
Source of heading or term unbist
650 #6 - SUBJECT ADDED ENTRY--TOPICAL TERM
Topical term or geographic name as entry element Industrie pharmaceutique
General subdivision Statistiques
-- Périodiques.
650 #6 - SUBJECT ADDED ENTRY--TOPICAL TERM
Topical term or geographic name as entry element Psychotropes
General subdivision Statistiques
-- Périodiques.
650 #6 - SUBJECT ADDED ENTRY--TOPICAL TERM
Topical term or geographic name as entry element Médicaments
General subdivision Politique gouvernementale
-- Statistiques
-- Périodiques.
650 #6 - SUBJECT ADDED ENTRY--TOPICAL TERM
Topical term or geographic name as entry element Lutte antidrogue
Form subdivision Statistiques
-- Périodiques.
653 ## - INDEX TERM--UNCONTROLLED
Uncontrolled term Psychotropic substances --
-- Statistics
653 ## - INDEX TERM--UNCONTROLLED
Uncontrolled term Drug control --
-- United Nations --
-- Statistics
655 #2 - INDEX TERM--GENRE/FORM
Genre/form data or focus term Statistics.
655 #7 - INDEX TERM--GENRE/FORM
Genre/form data or focus term Periodicals.
Source of term fast
Authority record control number (OCoLC)fst01411641
655 #7 - INDEX TERM--GENRE/FORM
Genre/form data or focus term Statistics.
Source of term fast
Authority record control number (OCoLC)fst01423727
710 2# - ADDED ENTRY--CORPORATE NAME
Corporate name or jurisdiction name as entry element International Narcotics Control Board.
776 08 - ADDITIONAL PHYSICAL FORM ENTRY
Relationship information Online version:
Title Psychotropic substances, statistics for ...
Record control number (DLC) 2005267512
-- (OCoLC)56403957
776 08 - ADDITIONAL PHYSICAL FORM ENTRY
Relationship information CD-Rom version:
Title Psychotropic substances
Record control number (OCoLC)859615517
780 00 - PRECEDING ENTRY
Title Statistics on psychotropic substances for .
International Standard Serial Number 0253-9403
Record control number (DLC) 84641097
-- (OCoLC)6287755
787 1# - OTHER RELATIONSHIP ENTRY
Main entry heading International Narcotics Control Board.
Title Report of the International Narcotics Control Board for .
International Standard Serial Number 0257-3717
Record control number (DLC) 77612794
-- (OCoLC)1182700
906 ## - LOCAL DATA ELEMENT F, LDF (RLIN)
a 7
b cbc
c serials
d 2
e ncip
f 19
g n-oclcserc
942 ## - ADDED ENTRY ELEMENTS (KOHA)
Source of classification or shelving scheme Dewey Decimal Classification
Koha item type Books
Holdings
Withdrawn status Lost status Source of classification or shelving scheme Damaged status Not for loan Home library Current library Date acquired Total Checkouts Full call number Barcode Date last seen Price effective from Koha item type
    Dewey Decimal Classification     Bunge Tower Library Bunge Tower Library 06/06/2023   613.33 INCB 1000289 06/06/2023 06/06/2023 Books
    Dewey Decimal Classification     Bunge Tower Library Bunge Tower Library 06/06/2023   613.33 INCB 10015722 06/06/2023 06/06/2023 Books
LIBRARY OPENING HOURS

When the Parliament is sitting: 8.00a.m - 7.00p.m or until the house adjourns
Mondays and Fridays and when the House is on Recess:  8.00a.m - 5.00p.m
Closed on Weekends and Public Holidays

Online Public Access Catalog (OPAC)
Website: http://www.parliament.go.ke
Bunge Library: https://libraryir.parliament.go.ke
Contact: library@parliament.go.ke | Tel no: (254-2)2221291 or 2848000 Ext 5043